000 00552nam a2200217Ia 4500
003 OSt
005 20220928135613.0
006 a|||||r|||| 00| 0
007 ta
008 220927b |||||||| |||| 00| 0 eng d
024 _a3618
037 _cTextual
040 _aSDCL
_cSDCL
_beng
041 _2eng
_aeng
082 _aX:5381, P4
100 _aSingh Shiv Sahai Ed.
_9491914
245 0 _aLaw of Intellectual property rights
260 _c2004
942 _hX:5381, P4
_cTEXL
_2CC
999 _c807353
_d807353